| 000 | 00347 a2200121 4500 | ||
|---|---|---|---|
| 001 | 66203 | ||
| 082 | _a623.7,464 ARO | ||
| 090 |
_c38492 _d38492 |
||
| 100 | _aAronstein,D.C. | ||
| 245 | _aAdvanced Tactical fighter to F-22 raptor; origions of the 21st century air dominance fighter | ||
| 260 |
_aVirgmiz _bAIAA _c1998 |
||
| 300 | _axvii, 308p. | ||
| 942 |
_aNUST-CAE _k623.7,464 ARO |
||
| 999 |
_c301276 _d301276 |
||